Canada Facts - Statistics

General Stats
  • This quiz has been taken 345 times
    310 since last reset
  • The average score is 10 of 11
Answer Stats
Hint Answer % Correct
Official languages English
99%
Largest city Toronto
99%
^ French
98%
Capital Ottawa
97%
Shares borders with United States
96%
Currency Canadian Dollar
93%
Number of provinces/ territories 13
89%
Prime Minister Justin Trudeau
86%
Drives on the Right
86%
National anthem O Canada
78%
National Day July 1st
59%
No matching quizzes found
Score Distribution
Percent of People with Each Score
Percentile by Number Answered
Your Score History
You have not taken this quiz since the last reset